[Event "30. Ciudad de Sevilla 2014"]
[Site "Sevilla ESP"]
[Date "2014.01.12"]
[Round "3.10"]
[White "Pogorelov, Ruslan"]
[Black "Planas Gene, Juan"]
[Result "1-0"]
[WhiteElo "2377"]
[BlackElo "2096"]
[PlyCount "57"]
[EventDate "2014.01.10"]
[EventType "swiss"]
[EventRounds "9"]
[EventCountry "ESP"]
[Source "lmi"]
[SourceDate "2014.01.10"]

1. Nf3 d5 2. d4 Nf6 3. c4 c6 4. Nc3 e6 5. e3 Nbd7 6. Qc2 Bd6 7. Bd3 O-O 8. O-O
dxc4 9. Bxc4 e5 10. Bb3 Qc7 11. h3 a6 12. Bd2 b5 13. dxe5 Nxe5 14. Nxe5 Bxe5
15. f4 Bd6 16. e4 Be6 17. e5 Bc5+ 18. Kh1 Nd5 19. Nxd5 cxd5 20. f5 Bd7 21. Bxd5
Rac8 22. e6 Be8 23. f6 gxf6 24. Bf4 Qe7 25. Rae1 Qd8 26. Qf5 Bc6 27. Bb3 Kg7
28. Bc2 Rh8 29. Qg4+ 1-0

[Event "30. Ciudad de Sevilla 2014"]
[Site "Sevilla ESP"]
[Date "2014.01.12"]
[Round "3.11"]
[White "Lopez Rodriguez, Fernando"]
[Black "Montero Melendez, Rafael"]
[Result "0-1"]
[WhiteElo "2098"]
[BlackElo "2350"]
[PlyCount "88"]
[EventDate "2014.01.10"]
[EventType "swiss"]
[EventRounds "9"]
[EventCountry "ESP"]
[Source "lmi"]
[SourceDate "2014.01.10"]

1. d4 Nf6 2. c4 c5 3. e3 g6 4. Nc3 Bg7 5. Nf3 O-O 6. Be2 b6 7. O-O d6 8. Re1 e6
9. a3 Bb7 10. Rb1 Ne4 11. Bd2 cxd4 12. exd4 d5 13. cxd5 Nxc3 14. bxc3 Bxd5 15.
c4 Be4 16. Rb3 Nc6 17. Be3 Na5 18. Rb4 Rc8 19. Ne5 f6 20. Ng4 Ba8 21. Qd3 Nc6
22. Rb3 f5 23. Nh6+ Kh8 24. Qd2 Nxd4 25. Rd3 e5 26. Bg5 Qc7 27. Rc1 Qc5 28. Bf1
f4 29. h4 e4 30. Rh3 Ne6 31. Qd7 Nxg5 32. hxg5 Qxg5 33. Nf7+ Rxf7 34. Qxf7 Rf8
35. Qxa7 f3 36. Qxb6 Qxc1 37. Qxg6 h6 38. g4 Kg8 39. Rh5 e3 40. Qe6+ Kh7 41. g5
exf2+ 42. Kh2 Qf4+ 43. Kh1 Be4 44. gxh6 Be5 0-1

[Event "30. Ciudad de Sevilla 2014"]
[Site "Sevilla ESP"]
[Date "2014.01.12"]
[Round "3.12"]
[White "Padeiro, Jose"]
[Black "Bermudes Barrera, Eduardo"]
[Result "1-0"]
[WhiteElo "2337"]
[BlackElo "2069"]
[PlyCount "113"]
[EventDate "2014.01.10"]
[EventType "swiss"]
[EventRounds "9"]
[EventCountry "ESP"]
[Source "lmi"]
[SourceDate "2014.01.10"]

1. c4 g6 2. g3 Bg7 3. Bg2 c5 4. Nc3 Nc6 5. Nf3 Nf6 6. O-O O-O 7. d4 d6 8. d5
Na5 9. Nd2 Bd7 10. Qc2 a6 11. b3 b5 12. Bb2 bxc4 13. bxc4 Qc7 14. e4 Rab8 15.
Rab1 Bh6 16. f4 Rb6 17. Ba1 Rfb8 18. Rxb6 Rxb6 19. Nd1 Bg7 20. e5 Bf5 21. Qc3
Rb4 22. exf6 Bxf6 23. Qc1 Bxa1 24. Qxa1 Nxc4 25. Nxc4 Rxc4 26. Ne3 Rd4 27. Nxf5
gxf5 28. Rd1 Rb4 29. Qc3 Qb6 30. h4 Rb1 31. Rxb1 Qxb1+ 32. Kh2 Qxa2 33. Qd3 e6
34. dxe6 fxe6 35. Qxd6 Qc4 36. Qd8+ Kf7 37. Qd7+ Kg8 38. Qe8+ Kg7 39. Qe7+ Kg8
40. h5 Qe2 41. Qg5+ Kf7 42. Qh6 Kg8 43. g4 fxg4 44. Qg5+ Kf7 45. h6 Qb2 46.
Qh5+ Kf6 47. Qxg4 Ke7 48. Qg5+ Kf7 49. Qe5 Qb4 50. Qh5+ Ke7 51. Kg3 c4 52. Bf3
Qc3 53. Qe5 Qxe5 54. fxe5 a5 55. Be4 a4 56. Bb1 Kf7 57. Kf4 1-0

[Event "30. Ciudad de Sevilla 2014"]
[Site "Sevilla ESP"]
[Date "2014.01.12"]
[Round "3.13"]
[White "Pereira Figueroa, Manuel"]
[Black "Lillo Castany, Victor"]
[Result "0-1"]
[WhiteElo "2074"]
[BlackElo "2315"]
[PlyCount "86"]
[EventDate "2014.01.10"]
[EventType "swiss"]
[EventRounds "9"]
[EventCountry "ESP"]
[Source "lmi"]
[SourceDate "2014.01.10"]

1. d4 Nf6 2. c4 g6 3. Nc3 d5 4. cxd5 Nxd5 5. e4 Nxc3 6. bxc3 Bg7 7. Nf3 c5 8.
Rb1 O-O 9. Be2 b6 10. O-O Qc7 11. Bg5 Nc6 12. Qd2 Bg4 13. d5 Ne5 14. Nxe5 Bxe2
15. Qxe2 Bxe5 16. f4 Bxc3 17. e5 Bd4+ 18. Kh1 Rfe8 19. Qc4 Qb7 20. Rfe1 Kg7 21.
d6 exd6 22. Bf6+ Kg8 23. Qc1 Qd5 24. Qd2 Re6 25. f5 Rxf6 26. exf6 Qxf5 27. Rf1
Qh5 28. Rb3 Re8 29. Rbf3 h6 30. Re1 Rxe1+ 31. Qxe1 Be5 32. h3 Qg5 33. Qf1 d5
34. Kg1 Bd4+ 35. Kh1 Be5 36. Kg1 c4 37. a4 c3 38. Qd3 Bxf6 39. Rf2 Kg7 40. Re2
Be5 41. Rf2 Bf6 42. Rc2 d4 43. Re2 Qf5 0-1

[Event "30. Ciudad de Sevilla 2014"]
[Site "Sevilla ESP"]
[Date "2014.01.12"]
[Round "3.14"]
[White "Diaz Castro, Sergio"]
[Black "Morales Araujo, Francisco Javier"]
[Result "1-0"]
[WhiteElo "2256"]
[BlackElo "2060"]
[PlyCount "35"]
[EventDate "2014.01.10"]
[EventType "swiss"]
[EventRounds "9"]
[EventCountry "ESP"]
[Source "lmi"]
[SourceDate "2014.01.10"]

1. e4 e6 2. Nf3 d5 3. Nc3 Nf6 4. e5 Nfd7 5. d4 c5 6. dxc5 Nc6 7. Bf4 Bxc5 8.
Bd3 f6 9. exf6 Qxf6 10. Bg3 Nde5 11. Nxe5 Nxe5 12. Qh5+ Ng6 13. O-O Bd7 14.
Rae1 O-O-O 15. Ne4 Qe7 16. Nxc5 Qxc5 17. Bxg6 hxg6 18. Qe5 1-0

[Event "30. Ciudad de Sevilla 2014"]
[Site "Sevilla ESP"]
[Date "2014.01.12"]
[Round "3.15"]
[White "Morales Barrera, Raul"]
[Black "Prados Montano, Antonio"]
[Result "0-1"]
[WhiteElo "2053"]
[BlackElo "2240"]
[PlyCount "56"]
[EventDate "2014.01.10"]
[EventType "swiss"]
[EventRounds "9"]
[EventCountry "ESP"]
[Source "lmi"]
[SourceDate "2014.01.10"]

1. d4 d5 2. c4 Nc6 3. cxd5 Qxd5 4. e3 e5 5. Nc3 Bb4 6. Bd2 Bxc3 7. bxc3 Nf6 8.
f3 e4 9. Qb3 Qd6 10. Qb1 Bf5 11. Ne2 Bg6 12. Nf4 exf3 13. Nxg6 f2+ 14. Kxf2
fxg6 15. Be2 O-O 16. Ke1 Rae8 17. Bf3 b6 18. Qb5 Ne4 19. Bxe4 Rxe4 20. Rf1 Ree8
21. Rxf8+ Rxf8 22. Ke2 Qd7 23. Qg5 Rf5 24. Qg3 Qd5 25. Re1 Qc4+ 26. Kd1 Rb5 27.
Qg4 Rb1+ 28. Kc2 Nb4+ 0-1

[Event "30. Ciudad de Sevilla 2014"]
[Site "Sevilla ESP"]
[Date "2014.01.12"]
[Round "3.16"]
[White "Gonzalez Galvan, Juan Manuel"]
[Black "Ramirez Guerrero, Enrique"]
[Result "1-0"]
[WhiteElo "2238"]
[BlackElo "2043"]
[PlyCount "71"]
[EventDate "2014.01.10"]
[EventType "swiss"]
[EventRounds "9"]
[EventCountry "ESP"]
[Source "lmi"]
[SourceDate "2014.01.10"]

1. e4 e6 2. d4 d5 3. e5 c5 4. c3 Qb6 5. Nf3 Bd7 6. Bd3 cxd4 7. Nxd4 Nc6 8. Qe2
Nb4 9. O-O Nxd3 10. Qxd3 Ne7 11. Be3 Qc7 12. f4 a6 13. Nd2 Nc6 14. c4 Nb4 15.
Qb3 dxc4 16. Nxc4 b5 17. Nd2 Be7 18. Rac1 Qb7 19. f5 Nd5 20. fxe6 fxe6 21. Ne4
Rc8 22. Rcd1 Qb8 23. Nd6+ Bxd6 24. exd6 Rc4 25. Rde1 Rf8 26. Nf5 Rf7 27. Qd3 g6
28. Nh6 Rxf1+ 29. Qxf1 Qxd6 30. Qf7+ Kd8 31. Qxh7 Kc7 32. Bd2 Qe7 33. Qxg6 Nf4
34. Qg3 e5 35. b3 Rc1 36. Rxc1+ 1-0

[Event "30. Ciudad de Sevilla 2014"]
[Site "Sevilla ESP"]
[Date "2014.01.12"]
[Round "3.17"]
[White "Congiu, Mathilde"]
[Black "Morais, Vitor"]
[Result "1-0"]
[WhiteElo "2226"]
[BlackElo "2035"]
[PlyCount "103"]
[EventDate "2014.01.10"]
[EventType "swiss"]
[EventRounds "9"]
[EventCountry "ESP"]
[Source "lmi"]
[SourceDate "2014.01.10"]

1. e4 e6 2. d4 d5 3. Nd2 Nf6 4. e5 Nfd7 5. Bd3 c5 6. c3 Nc6 7. Ngf3 Qb6 8. O-O
cxd4 9. cxd4 Nxd4 10. Nxd4 Qxd4 11. Nf3 Qb6 12. Qa4 Qb4 13. Qc2 Qc5 14. Qe2 Qb6
15. h4 h6 16. Bf4 a6 17. Rac1 Be7 18. Rc3 Qd8 19. Rfc1 b6 20. Nd4 Bc5 21. Nxe6
fxe6 22. Qg4 Qe7 23. b4 Rf8 24. Bg6+ Kd8 25. bxc5 bxc5 26. R3c2 Bb7 27. Qg3 Bc6
28. Bd2 Rb8 29. f4 Bb5 30. Ba5+ Kc8 31. Qa3 Kb7 32. Rxc5 Nxc5 33. Rxc5 Ka8 34.
Bb4 Qa7 35. Bd2 Rfc8 36. Be3 Rxc5 37. Bxc5 Qd7 38. Qf3 Rc8 39. Qf2 Qc6 40. Be3
Bc4 41. Qd2 Qb7 42. Kh2 Rb8 43. f5 exf5 44. Bxf5 Qe7 45. Qd4 Bxa2 46. e6 Rb4
47. Qc5 Qb7 48. e7 Qb8+ 49. Kg1 Rb1+ 50. Bxb1 Qxb1+ 51. Qc1 Qb8 52. Qc6+ 1-0

[Event "30. Ciudad de Sevilla 2014"]
[Site "Sevilla ESP"]
[Date "2014.01.12"]
[Round "3.18"]
[White "Haslinger, Gareth J"]
[Black "Sgnaolin, Davide"]
[Result "1/2-1/2"]
[WhiteElo "2049"]
[BlackElo "2221"]
[PlyCount "46"]
[EventDate "2014.01.10"]
[EventType "swiss"]
[EventRounds "9"]
[EventCountry "ESP"]
[Source "lmi"]
[SourceDate "2014.01.10"]

1. d4 Nf6 2. Nf3 e6 3. Bf4 c5 4. c3 b6 5. e3 Bb7 6. Bd3 Be7 7. h3 O-O 8. O-O
cxd4 9. cxd4 Nd5 10. Bh2 f5 11. Nbd2 Nc6 12. Rc1 Ncb4 13. Bc4 Nf6 14. a3 Nbd5
15. Bd3 Qe8 16. Qe2 Qh5 17. Ne5 Qxe2 18. Bxe2 Rac8 19. Bb5 Rxc1 20. Rxc1 Rc8
21. Rc4 Rxc4 22. Ndxc4 Bc8 23. Nd2 a6 1/2-1/2

[Event "30. Ciudad de Sevilla 2014"]
[Site "Sevilla ESP"]
[Date "2014.01.12"]
[Round "3.19"]
[White "Lillo Ferrer, Jose Maria M"]
[Black "Valenti, Giuseppe"]
[Result "1/2-1/2"]
[WhiteElo "2047"]
[BlackElo "2172"]
[PlyCount "68"]
[EventDate "2014.01.10"]
[EventType "swiss"]
[EventRounds "9"]
[EventCountry "ESP"]
[Source "lmi"]
[SourceDate "2014.01.10"]

1. e4 c5 2. d3 e6 3. f4 d6 4. Nf3 g6 5. g3 Bg7 6. Bg2 Nc6 7. O-O Nge7 8. c3 O-O
9. Be3 b6 10. Re1 Rb8 11. Bf2 h6 12. d4 Qd7 13. e5 cxd4 14. cxd4 d5 15. Nc3 b5
16. Bf1 a6 17. Re2 Qa7 18. Rc1 Bd7 19. g4 Rfc8 20. Rec2 Na5 21. Ne1 b4 22. Ne2
Rxc2 23. Qxc2 Rc8 24. Qd1 Bb5 25. b3 Nac6 26. Nd3 a5 27. Nc5 Nb8 28. Ng3 Bxf1
29. Qxf1 Nd7 30. Na4 Qb7 31. Be3 f5 32. h3 Rxc1 33. Qxc1 Qc6 34. Qxc6 Nxc6
1/2-1/2

[Event "30. Ciudad de Sevilla 2014"]
[Site "Sevilla ESP"]
[Date "2014.01.12"]
[Round "3.20"]
[White "Guerreiro, Nuno"]
[Black "Machlik, Monika"]
[Result "1-0"]
[WhiteElo "2161"]
[BlackElo "1941"]
[PlyCount "114"]
[EventDate "2014.01.10"]
[EventType "swiss"]
[EventRounds "9"]
[EventCountry "ESP"]
[Source "lmi"]
[SourceDate "2014.01.10"]

1. Nf3 d5 2. g3 c6 3. Bg2 Nf6 4. O-O Bf5 5. d3 h6 6. Nbd2 e6 7. Qe1 Be7 8. e4
Bh7 9. Qe2 O-O 10. a4 a5 11. c3 Na6 12. Ne5 Nd7 13. Nef3 Ndc5 14. Rd1 Nc7 15.
Ne1 Qd7 16. f4 Rfd8 17. d4 Nxe4 18. Nxe4 Bxe4 19. Bxe4 dxe4 20. Qxe4 Qd5 21.
Qe2 c5 22. Be3 c4 23. Nf3 Ne8 24. Ne5 Nf6 25. Rf1 b5 26. axb5 Qxb5 27. Qg2 Ra6
28. g4 Rb8 29. Rf2 Qb7 30. Qh3 Ne4 31. Rg2 Qd5 32. Ra4 Nd6 33. Qf3 Qxf3 34.
Nxf3 Bd8 35. Bc1 Rc8 36. Re2 Bb6 37. h3 Rc7 38. Re5 Kf8 39. Kg2 Re7 40. Nd2 Rc7
41. h4 Ra8 42. h5 Ke7 43. f5 Kd7 44. fxe6+ fxe6 45. Nf3 Rf8 46. Re2 Nf7 47. Bf4
Rcc8 48. Nd2 Ra8 49. Nxc4 Bd8 50. b4 Rc8 51. bxa5 Ng5 52. Bxg5 hxg5 53. Rf2
Rxf2+ 54. Kxf2 Bc7 55. Nb6+ Bxb6 56. axb6 Rxc3 57. Ra7+ Kc6 1-0

[Event "30. Ciudad de Sevilla 2014"]
[Site "Sevilla ESP"]
[Date "2014.01.13"]
[Round "4.1"]
[White "Turov, Maxim"]
[Black "Pogorelov, Ruslan"]
[Result "1-0"]
[WhiteElo "2586"]
[BlackElo "2377"]
[PlyCount "77"]
[EventDate "2014.01.10"]
[EventType "swiss"]
[EventRounds "9"]
[EventCountry "ESP"]
[Source "lmi"]
[SourceDate "2014.01.10"]

1. d4 Nf6 2. c4 e6 3. Nc3 Bb4 4. Qc2 O-O 5. a3 Bxc3+ 6. Qxc3 b6 7. Bg5 Bb7 8.
e3 c5 9. dxc5 bxc5 10. f3 a5 11. Bd3 d6 12. Ne2 Nbd7 13. O-O Ra6 14. a4 h6 15.
Bh4 Ne5 16. Bc2 Nc6 17. Rad1 Nb4 18. Bb1 g5 19. Bf2 Nh5 20. e4 Qe7 21. e5 Rc8
22. g4 Ng7 23. Rxd6 Rxd6 24. exd6 Qxd6 25. Bg3 Qe7 26. Qe3 f6 27. f4 Qd7 28.
Nc3 Qd4 29. Qxd4 cxd4 30. Nb5 gxf4 31. Bxf4 e5 32. Bxh6 Rxc4 33. Nd6 Rc7 34. g5
fxg5 35. Ne8 Re7 36. Nxg7 Rxg7 37. Bxg7 Kxg7 38. Rf5 d3 39. Kf2 1-0

[Event "30. Ciudad de Sevilla 2014"]
[Site "Sevilla ESP"]
[Date "2014.01.13"]
[Round "4.2"]
[White "Simonian, Tigran"]
[Black "Haslinger, Stewart G"]
[Result "1/2-1/2"]
[WhiteElo "2412"]
[BlackElo "2548"]
[PlyCount "110"]
[EventDate "2014.01.10"]
[EventType "swiss"]
[EventRounds "9"]
[EventCountry "ESP"]
[Source "lmi"]
[SourceDate "2014.01.10"]

1. d4 d5 2. c4 c6 3. cxd5 cxd5 4. Nc3 Nf6 5. Bf4 Nc6 6. e3 a6 7. Rc1 Bf5 8. Nf3
Rc8 9. Ne5 e6 10. g4 Nxe5 11. gxf5 Nc4 12. fxe6 fxe6 13. Bxc4 Rxc4 14. O-O Bd6
15. Ne2 Rxc1 16. Qxc1 O-O 17. f3 Ne8 18. Qe1 Qf6 19. Qg3 Bxf4 20. Nxf4 Nd6 21.
Nh5 Qe7 22. Kh1 Nf5 23. Qe5 Qh4 24. Ng3 Nxg3+ 25. Qxg3 Qxg3 26. hxg3 Rc8 27.
Kg2 h5 28. Rf2 Kf7 29. Kh3 Rc1 30. Re2 Kf6 31. g4 Rh1+ 32. Kg2 Ra1 33. gxh5
Rxa2 34. Kg3 a5 35. e4 a4 36. Kf2 b5 37. Ke1 b4 38. Kd1 a3 39. Kc1 b3 40. Kb1
Kg5 41. exd5 exd5 42. Re5+ Kf4 43. bxa3 Kxf3 44. Rxd5 Ke4 45. Rd7 Rh2 46. Rxg7
Kxd4 47. Rd7+ Kc3 48. Rc7+ Kd4 49. a4 Rxh5 50. Kb2 Rh3 51. a5 Kd5 52. Rc8 Kd6
53. a6 Rh7 54. Kxb3 Ra7 55. Rh8 Kc5 1/2-1/2

[Event "30. Ciudad de Sevilla 2014"]
[Site "Sevilla ESP"]
[Date "2014.01.13"]
[Round "4.3"]
[White "Matamoros Franco, Carlos S"]
[Black "Padeiro, Jose"]
[Result "1-0"]
[WhiteElo "2531"]
[BlackElo "2337"]
[PlyCount "95"]
[EventDate "2014.01.10"]
[EventType "swiss"]
[EventRounds "9"]
[EventCountry "ESP"]
[Source "lmi"]
[SourceDate "2014.01.10"]

1. c4 c6 2. e4 e5 3. Nf3 d6 4. d4 Qc7 5. Nc3 Bg4 6. Be3 Nf6 7. h3 Bxf3 8. Qxf3
Be7 9. g3 a6 10. Bg2 b5 11. c5 exd4 12. cxd6 Bxd6 13. Bxd4 Be5 14. Bxe5 Qxe5
15. O-O O-O 16. Qe3 b4 17. Na4 Nbd7 18. Rac1 Rac8 19. Rfd1 Rfe8 20. b3 Re7 21.
Rc4 Qb8 22. Qd4 a5 23. Qd6 Re6 24. Qxb8 Rxb8 25. f4 Nf8 26. e5 Nd5 27. Bxd5
cxd5 28. Rxd5 Ra6 29. Rcc5 Rba8 30. Kf2 g6 31. Ke3 h5 32. Rc4 Rb8 33. Kd3 Kg7
34. g4 hxg4 35. hxg4 Re8 36. Nc5 Ra7 37. f5 Nh7 38. Ne4 a4 39. Rxb4 axb3 40.
axb3 Ra1 41. Ke2 Rea8 42. Rb7 R8a2+ 43. Rd2 Ra5 44. e6 gxf5 45. Rxf7+ Kg6 46.
gxf5+ Rxf5 47. Rxf5 Kxf5 48. e7 1-0

[Event "30. Ciudad de Sevilla 2014"]
[Site "Sevilla ESP"]
[Date "2014.01.13"]
[Round "4.4"]
[White "Montero Melendez, Rafael"]
[Black "Narciso Dublan, Marc"]
[Result "0-1"]
[WhiteElo "2350"]
[BlackElo "2521"]
[PlyCount "46"]
[EventDate "2014.01.10"]
[EventType "swiss"]
[EventRounds "9"]
[EventCountry "ESP"]
[Source "lmi"]
[SourceDate "2014.01.10"]

1. c4 f5 2. g3 Nf6 3. Bg2 e6 4. Nc3 Bb4 5. Qc2 O-O 6. e3 c6 7. Nge2 d5 8. cxd5
cxd5 9. O-O Nc6 10. d4 Bd7 11. Nf4 Rc8 12. Qb3 Bd6 13. Qxb7 Nb4 14. a3 Rc7 15.
Nxe6 Bxe6 16. Qb5 Nc2 17. Ra2 Nxa3 18. Qd3 Qc8 19. Bd2 Nc4 20. Nb5 Rb7 21. Nxa7
Qd7 22. Rfa1 Nxd2 23. Qxd2 Ra8 0-1

[Event "30. Ciudad de Sevilla 2014"]
[Site "Sevilla ESP"]
[Date "2014.01.13"]
[Round "4.5"]
[White "Campora, Daniel H"]
[Black "Diaz Castro, Sergio"]
[Result "1-0"]
[WhiteElo "2460"]
[BlackElo "2256"]
[PlyCount "43"]
[EventDate "2014.01.10"]
[EventType "swiss"]
[EventRounds "9"]
[EventCountry "ESP"]
[Source "lmi"]
[SourceDate "2014.01.10"]

1. e4 e5 2. Nf3 Nc6 3. Bb5 f5 4. d3 fxe4 5. dxe4 Nf6 6. O-O Bc5 7. Nc3 d6 8.
Bg5 h6 9. Bxf6 Qxf6 10. Nd5 Qd8 11. b4 Bb6 12. a4 a6 13. Bc4 Ba7 14. b5 Ne7 15.
Nxe5 dxe5 16. Qh5+ Kd7 17. Qxe5 c6 18. Nf4 Qf8 19. Rad1+ Ke8 20. Qh5+ g6 21.
Nxg6 Bg4 22. Qxg4 1-0

[Event "30. Ciudad de Sevilla 2014"]
[Site "Sevilla ESP"]
[Date "2014.01.13"]
[Round "4.6"]
[White "Lillo Castany, Victor"]
[Black "Ducarmon, Quinten"]
[Result "0-1"]
[WhiteElo "2315"]
[BlackElo "2456"]
[PlyCount "54"]
[EventDate "2014.01.10"]
[EventType "swiss"]
[EventRounds "9"]
[EventCountry "ESP"]
[Source "lmi"]
[SourceDate "2014.01.10"]

1. e4 c5 2. Nf3 e6 3. d4 cxd4 4. Nxd4 Nc6 5. Nc3 Qc7 6. f4 a6 7. Nxc6 Qxc6 8.
Bd3 b5 9. Qe2 Bb7 10. Bd2 Bc5 11. a3 Ne7 12. O-O-O O-O 13. Kb1 Rac8 14. g4 Qb6
15. g5 Bd4 16. Qe1 Rfe8 17. Rf1 b4 18. Na4 Qc6 19. b3 bxa3 20. Qh4 a5 21. f5
Ba6 22. c4 Rb8 23. Ka2 Qxa4 24. bxa4 Rb2+ 25. Kxa3 Reb8 26. Bc2 Bc5+ 27. Bb4
R8xb4 0-1

[Event "30. Ciudad de Sevilla 2014"]
[Site "Sevilla ESP"]
[Date "2014.01.13"]
[Round "4.7"]
[White "Van Der Weide, Karel"]
[Black "Gonzalez Galvan, Juan Manuel"]
[Result "1-0"]
[WhiteElo "2449"]
[BlackElo "2238"]
[PlyCount "41"]
[EventDate "2014.01.10"]
[EventType "swiss"]
[EventRounds "9"]
[EventCountry "ESP"]
[Source "lmi"]
[SourceDate "2014.01.10"]

1. e4 c5 2. Nf3 g6 3. d4 cxd4 4. Nxd4 Nc6 5. Nc3 Bg7 6. Be3 Nf6 7. Bc4 O-O 8.
Bb3 Ng4 9. Qxg4 Nxd4 10. Qd1 Nxb3 11. axb3 b6 12. Bd4 f6 13. Qd3 Bb7 14. O-O-O
Bc6 15. h4 Qe8 16. h5 Qf7 17. hxg6 hxg6 18. Qh3 Rfc8 19. Rd3 a5 20. Rf3 a4 21.
bxa4 1-0

[Event "30. Ciudad de Sevilla 2014"]
[Site "Sevilla ESP"]
[Date "2014.01.13"]
[Round "4.8"]
[White "Congiu, Mathilde"]
[Black "Teran Alvarez, Ismael"]
[Result "1/2-1/2"]
[WhiteElo "2226"]
[BlackElo "2412"]
[PlyCount "36"]
[EventDate "2014.01.10"]
[EventType "swiss"]
[EventRounds "9"]
[EventCountry "ESP"]
[Source "lmi"]
[SourceDate "2014.01.10"]

1. e4 e5 2. Bc4 Nf6 3. d3 c6 4. Nf3 d5 5. exd5 cxd5 6. Bb5+ Bd7 7. Bxd7+ Nbxd7
8. O-O Bd6 9. Nc3 O-O 10. Bg5 Qb6 11. Rb1 Rac8 12. Re1 d4 13. Ne2 Nd5 14. c4
dxc3 15. bxc3 Qc6 16. c4 Ne7 17. Nc3 Bc5 18. Be3 Bxe3 1/2-1/2

[Event "30. Ciudad de Sevilla 2014"]
[Site "Sevilla ESP"]
[Date "2014.01.13"]
[Round "4.9"]
[White "Melero Fidalgo, Juan De Dios"]
[Black "Guerreiro, Nuno"]
[Result "0-1"]
[WhiteElo "2245"]
[BlackElo "2161"]
[PlyCount "122"]
[EventDate "2014.01.10"]
[EventType "swiss"]
[EventRounds "9"]
[EventCountry "ESP"]
[Source "lmi"]
[SourceDate "2014.01.10"]

1. d4 d5 2. c4 e5 3. dxe5 d4 4. Nf3 Nc6 5. Nbd2 Nge7 6. Nb3 Nf5 7. e4 dxe3 8.
Qxd8+ Nxd8 9. fxe3 Be7 10. g3 h5 11. e4 Nh6 12. h3 Nc6 13. Be3 Bd7 14. a3 O-O-O
15. O-O-O Kb8 16. Bd2 Bc8 17. Bc3 Rxd1+ 18. Kxd1 Rd8+ 19. Kc2 Bf8 20. Nc1 Be6
21. Be2 Be7 22. Nb3 g6 23. Nfd4 Bd7 24. e6 fxe6 25. Nxc6+ Bxc6 26. Bd3 Ba4 27.
Rd1 Rf8 28. Bg7 Rf2+ 29. Kc3 Nf7 30. Rf1 Rxf1 31. Bxf1 Bc6 32. Bg2 Bd6 33. g4
h4 34. Kd4 Bf4 35. Na5 e5+ 36. Kd3 Bd7 37. Bf6 g5 38. Nb3 b6 39. Nd2 Be6 40.
Nf3 Kc8 41. Bf1 Kd7 42. Kc3 Kd6 43. Bg2 Bc8 44. Bf1 Ke6 45. Bg7 Nd6 46. Bd3 Bb7
47. Nd2 Kf7 48. Bh6 Ke6 49. b4 Kf6 50. c5 bxc5 51. bxc5 Bxd2+ 52. Kxd2 Nxe4+
53. Ke3 Nxc5 54. Bf1 Ne6 55. Bc4 Ng7 56. Bd3 Bd5 57. a4 a5 58. Bc2 c5 59. Bd3
Bg2 60. Kf2 Bxh3 61. Kf3 Ne6 0-1

[Event "30. Ciudad de Sevilla 2014"]
[Site "Sevilla ESP"]
[Date "2014.01.13"]
[Round "4.10"]
[White "Fernandez Ruiz, Manuel Alejandro"]
[Black "Gallardo Fernandez, Cesar"]
[Result "0-1"]
[WhiteElo "2042"]
[BlackElo "2244"]
[PlyCount "99"]
[EventDate "2014.01.10"]
[EventType "swiss"]
[EventRounds "9"]
[EventCountry "ESP"]
[Source "lmi"]
[SourceDate "2014.01.10"]

1. c4 Nf6 2. g3 e5 3. Bg2 c6 4. d4 d6 5. Nc3 Nbd7 6. e3 Be7 7. Nge2 O-O 8. O-O
Re8 9. b3 Bf8 10. Qc2 Rb8 11. a4 Qc7 12. Bb2 g6 13. Rac1 h5 14. d5 h4 15. b4
hxg3 16. hxg3 c5 17. Nb5 Qd8 18. bxc5 Nxc5 19. Nxa7 Bf5 20. Qd1 Ra8 21. Nb5
Rxa4 22. Ba3 Qa5 23. Bxc5 dxc5 24. d6 Rb8 25. Bd5 Bg4 26. f3 Bh3 27. Nec3 Bxf1
28. Kxf1 Rb4 29. Qd3 Kg7 30. Ne4 Rb2 31. Nxf6 Kxf6 32. Nc3 Kg7 33. Be4 Rd8 34.
d7 Qc7 35. Rd1 Be7 36. Nb5 Qb6 37. Qc3 Rh2 38. Kg1 Rdh8 39. f4 Qe6 40. Qxe5+
Qxe5 41. fxe5 Re2 42. Nc3 Rxe3 43. Nd5 Rxg3+ 44. Kf2 Bh4 45. Ke2 Rg5 46. Rh1
Rgh5 47. Nf4 Rxe5 48. Kf3 Bg5 49. Rd1 Rd8 50. Bxb7 0-1

[Event "30. Ciudad de Sevilla 2014"]
[Site "Sevilla ESP"]
[Date "2014.01.13"]
[Round "4.11"]
[White "Sgnaolin, Davide"]
[Black "Lillo Ferrer, Jose Maria M"]
[Result "1-0"]
[WhiteElo "2221"]
[BlackElo "2047"]
[PlyCount "87"]
[EventDate "2014.01.10"]
[EventType "swiss"]
[EventRounds "9"]
[EventCountry "ESP"]
[Source "lmi"]
[SourceDate "2014.01.10"]

1. c4 e5 2. g3 d6 3. Bg2 f5 4. Nc3 Nf6 5. d3 Be7 6. e4 c6 7. Nge2 O-O 8. O-O
Na6 9. h3 fxe4 10. dxe4 Be6 11. b3 Qa5 12. Bd2 Qc7 13. Rc1 Rad8 14. Nd5 Nxd5
15. cxd5 Bd7 16. dxc6 bxc6 17. Nc3 Qb7 18. Be3 Nc7 19. Qe2 c5 20. f4 exf4 21.
Bxf4 Bc6 22. Qc4+ Kh8 23. Rfe1 g5 24. Be3 Bf6 25. Rf1 h6 26. h4 gxh4 27. Bxh6
Bg7 28. Bxg7+ Kxg7 29. gxh4 Qc8 30. b4 Qe6 31. Nd5 Nxd5 32. exd5 Qe3+ 33. Kh1
Rxf1+ 34. Rxf1 Bd7 35. bxc5 dxc5 36. Rf3 Qe1+ 37. Rf1 Qe3 38. Rf3 Qe1+ 39. Kh2
Qe5+ 40. Rg3+ Kh8 41. Qxc5 Kh7 42. Qxa7 Qe7 43. Qd4 Re8 44. Be4+ 1-0

[Event "30. Ciudad de Sevilla 2014"]
[Site "Sevilla ESP"]
[Date "2014.01.13"]
[Round "4.12"]
[White "Valenti, Giuseppe"]
[Black "Haslinger, Gareth J"]
[Result "1/2-1/2"]
[WhiteElo "2172"]
[BlackElo "2049"]
[PlyCount "60"]
[EventDate "2014.01.10"]
[EventType "swiss"]
[EventRounds "9"]
[EventCountry "ESP"]
[Source "lmi"]
[SourceDate "2014.01.10"]

1. e4 d5 2. exd5 Qxd5 3. Nc3 Qa5 4. Nf3 Nf6 5. d4 c6 6. Bc4 Bf5 7. Bd2 e6 8.
Ne5 Nbd7 9. Qe2 Bb4 10. O-O O-O 11. a3 Bxc3 12. Bxc3 Qc7 13. Rac1 Nxe5 14. dxe5
Nd5 15. Bd2 h6 16. Kh1 Rfd8 17. Rfd1 a5 18. a4 Nb6 19. Bb3 Rd4 20. Be3 Rxd1+
21. Qxd1 Rd8 22. Qe1 Nd5 23. Bd2 b6 24. Rd1 c5 25. Qe2 Ne7 26. f4 Nc6 27. Be3
Nd4 28. Bxd4 cxd4 29. h3 Qc6 30. Kh2 Be4 1/2-1/2

[Event "30. Ciudad de Sevilla 2014"]
[Site "Sevilla ESP"]
[Date "2014.01.13"]
[Round "4.13"]
[White "Coimbra, Margarida"]
[Black "Munoz Jorva, Miguel Angel"]
[Result "1/2-1/2"]
[WhiteElo "2087"]
[BlackElo "1887"]
[PlyCount "60"]
[EventDate "2014.01.10"]
[EventType "swiss"]
[EventRounds "9"]
[EventCountry "ESP"]
[Source "lmi"]
[SourceDate "2014.01.10"]

1. e4 c5 2. c3 e6 3. d4 d5 4. exd5 exd5 5. Nf3 c4 6. Be2 Bd6 7. O-O Ne7 8. b3
cxb3 9. axb3 O-O 10. Ba3 Nbc6 11. Bxd6 Qxd6 12. Na3 a6 13. Nc2 Bg4 14. Ne3 Bh5
15. Re1 f6 16. c4 Bf7 17. c5 Qc7 18. Qd2 a5 19. Nc2 b6 20. b4 axb4 21. Nxb4
Nxb4 22. Qxb4 bxc5 23. dxc5 Nc6 24. Qb6 Rac8 25. Ba6 Qxb6 26. cxb6 Rb8 27. b7
d4 28. Rec1 Bd5 29. Bc4 Bxc4 30. Rxc4 Nd8 1/2-1/2